00756 2200253 4500001002100000005001700021008004100038020001600079035002400095040001200119082000800131090001500139111005200154245005600206260005600262300002600318440002800344500003100372500002600403650002700429700001900456850001200475990001500487YOGYA-0209000005220520090227032919.0 ind  a979-4590258 0010-020900000052205 aYOPDYOG a414 a414bInd P aINDONESIA. Departemen Pendidikan dan Kebudayaan aPengantar FonologibfonetikcPenyusun Hans Lapoliwa aJakartabDepartemen Pendidikan dan Kebudayaanc1988 a...Jilidbilusc21 cm aSeri Pustaka Penelitian aBibliografi : hlm. 111-113 aYang diterima : Jil.I aIlmu bahasa - fonologi aLapoliwa, Hans aYOPDYOG aA000010089